Statistics for Iconic BFDI Quotes

Click here to take the quiz!

General Stats

  • This quiz has been taken 222 times
    (206 since last reset)
  • The average score is 18 of 24

Answer Stats

QuestionAnswer% Correct
"Hey guys, for a prank..."Blocky
98%
"I want revenge!"Ice Cube
94%
"My cheesecake!!"Two
93%
*beatboxing*Gelatin
90%
"Dark humor is the way some people cope with tragedy."Gelatin
88%
"What are you gonna do about it?"Eraser
85%
"Oh, I wasn't reading you, I was just looking at the pictures."Pillow
84%
"Yeah, who? I wanna know."Puffball
84%
"Wheel ooze a hole bunch!"Coiny
83%
"Sorry mommy did I do a no-no again?"Ruby
83%
"Shush, sheesh."Announcer
82%
"Yoylecake!"Bubble
81%
"There isn't enough room up here."Gelatin
80%
"Care to give me some air? No straw needed."Lollipop
80%
"A deep-fried breath!"Coiny
78%
"Watchers are wannabes."Clock
75%
"So is sam... whoever sam is."Announcer
72%
"The Earth must have rotated by too many people running quickly in place, we learnt that in Earth class."Gelatin
67%
"Wanna be in a team, since we're all zig-zags?"Gaty
64%
"When I think back on this moment I'll forget that last part."Firey
55%
"If you fall in a bottomless pit, you die of starvation."Leafy
54%
"Nice fish!"Lollipop
54%
"Life is full of pain."Needle
41%
"I'm sorry, did I ask you?"Four
35%

Score Distribution

Percentile by Number Answered

Percent of People with Each Score

Your Score History

You have not taken this quiz since the last reset